Contratos Mercantiles

Bibliographic Details
Format: Book
Language:Spanish
Published: Espaą vLex 2016
Subjects:
Online Access:Acceso restringido

MARC

LEADER 00000nam a22000007a 4500
005 20160420104051.0
007 cr|||| ||u|
008 160420s2016 sp ||||| |||| 00||0 spa d
035 |a 14167 
040 |a vLex  
090 |c 6034  |d 6034 
245 1 0 |a Contratos Mercantiles  |h [Recurso electrn̤ico] /  |c vLex  
256 |a Servicio en ln̕ea  
260 |a Espaą  |b vLex   |c 2016 
300 |a 1 recurso electrn̤ico  
506 1 |a Contenido solo disponible en los productos indicados  |d vLex Global  |d vLex Global (Academic Edition, excluding Law Schools)  |d vLex Global (U.S. Academic Edition, Law Schools)  |d vLex Global (U.S. Academic Edition, excluding Law Schools)  |d vLex Global (Academic Edition, Law Schools) 
650 0 4 |a Contratos Mercantiles   |z Espaą 
740 0 |a vLex libros (servicio en ln̕ea)  
856 4 0 |u http://vlex.com/source/contratos-mercantiles-14167  |z Acceso restringido  
942 |c BOOK 
999 0 |a Contracts  |b Espaą